| 000 | 00617nam a2200229Ia 4500 | ||
|---|---|---|---|
| 003 | LK-CoDNM | ||
| 005 | 20240930120507.0 | ||
| 008 | 010623t1932 xxu||||| |||| 00| 1 eng d | ||
| 040 |
_aLK-CoDNM _dLK-CoDNM _eLK-CoDNM |
||
| 041 | _aeng | ||
| 080 |
_a24 _bK35 |
||
| 245 | _aJournal of the Dutch Burgher Union or Ceylon -1931-1933 | ||
| 260 |
_bFrewin Co. _aColombo _c1932 |
||
| 300 | _b89p. : 20 cm | ||
| 490 | _vVolume xxi-xxi | ||
| 650 | _aDutch | ||
| 650 | _aJournal of the Dutch Burgher Union or Ceylon -1931-1933 | ||
| 650 | _aFrewin Co. | ||
| 650 | _aVolume xxi-xxi | ||
| 650 | _a24K35 | ||
| 942 | _cBK | ||
| 999 |
_c96132 _d96132 |
||